000 00286nam a22001337a 4500
008 171030b xxu||||| |||| 00| 0 eng d
020 _a9780898158250
041 _aeng
080 _a336
100 _a56
101 _aFIN
245 _aTHE SMALL INVESTOR
_cGARD.J
942 _2udc
_cBK
999 _c36304
_d36304